[Event "Titled Tue 27th May Early"]
[Site "chess.com INT"]
[Date "2025.05.27"]
[Round "1"]
[White "Goryachkina, Aleksandra"]
[Black "Brancaleoni, Maurizio"]
[Result "1-0"]
[WhiteTitle "GM"]
[BlackTitle "FM"]
[WhiteElo "2544"]
[BlackElo "2185"]
[WhiteFideId "4147103"]
[BlackFideId "803022"]
[EventDate "2025.05.27"]

1. Nf3 c5 2. c4 g6 3. e3 Nf6 4. Nc3 Bg7 5. d4 cxd4 6. exd4 O-O 7. d5 Na6 8. Be2
Nc5 9. O-O e6 10. Be3 b6 11. Rc1 Bb7 12. b4 Nce4 13. Nxe4 Nxe4 14. Bd4 exd5 15.
cxd5 Rc8 16. Bxg7 Kxg7 17. Rxc8 Qxc8 18. Qd4+ Nf6 19. g4 h6 20. h4 d6 21. Nd2 g5
22. hxg5 hxg5 23. f4 Re8 24. Bd1 Ba6 25. fxg5 Bxf1 26. Qxf6+ Kg8 27. Nxf1 Qc1
28. g6 Rf8 29. Be2 Qc2 30. gxf7+ Rxf7 31. Qg5+ Kh8 32. Ng3 Qc3 33. Nf5 Qe1+ 34.
Bf1 Qe5 35. Qh4+ Kg8 36. Nh6+ Kg7 37. Nxf7 Qe3+ 38. Qf2 Qxf2+ 39. Kxf2 1-0

[Event "Titled Tue 27th May Early"]
[Site "chess.com INT"]
[Date "2025.05.27"]
[Round "1"]
[White "Eljanov, Pavel"]
[Black "Begunov, Konstantin"]
[Result "1-0"]
[WhiteTitle "GM"]
[BlackTitle "FM"]
[WhiteElo "2668"]
[BlackElo "2325"]
[WhiteFideId "14102951"]
[BlackFideId "4118510"]
[EventDate "2025.05.27"]

1. d4 d5 2. Nf3 c6 3. Bf4 Bg4 4. e3 e6 5. c4 Bd6 6. Bxd6 Qxd6 7. Qb3 Qc7 8. Ne5
Bf5 9. Nc3 Nd7 10. g4 Nxe5 11. gxf5 dxc4 12. Qa3 Nd3+ 13. Bxd3 cxd3 14. fxe6 Nh6
15. Ne4 fxe6 16. Nd6+ Kd7 17. Nc4 Nf5 18. O-O-O Rhd8 19. Qxd3 Ke8 20. Kb1 Kf8
21. Qe4 Qe7 22. h4 Kg8 23. h5 Rf8 24. Rhg1 Nd6 25. Nxd6 Qxd6 26. Rg2 Rf7 27. f4
Qd5 28. Qxd5 exd5 29. Rg5 Re8 30. Re5 Rxe5 31. dxe5 Rf5 32. Rh1 d4 33. Kc2 dxe3
34. Rh4 g5 35. hxg6 hxg6 36. Rg4 Kf7 37. Kd3 g5 38. Rxg5 Rxg5 39. fxg5 Kg6 40.
e6 c5 41. e7 b5 42. e8=Q+ 1-0

[Event "Titled Tue 27th May Early"]
[Site "chess.com INT"]
[Date "2025.05.27"]
[Round "1"]
[White "Jiganchine, Roman"]
[Black "Zhou, Yuxu"]
[Result "0-1"]
[WhiteTitle "CM"]
[BlackTitle "CM"]
[WhiteElo "2205"]
[BlackElo "2087"]
[WhiteFideId "2603667"]
[BlackFideId "8626421"]
[EventDate "2025.05.27"]

1. Nf3 e6 2. c4 g5 3. d4 g4 4. Ne5 h5 5. Nc3 d6 6. Nd3 Bg7 7. e3 b6 8. Be2 Bb7
9. d5 Nd7 10. e4 Bxc3+ 11. bxc3 e5 12. h3 gxh3 13. Rxh3 h4 14. Be3 Qe7 15. Qd2
O-O-O 16. Bg5 f6 17. Rxh4 Rxh4 18. Bxh4 Qh7 19. g3 Qxe4 20. Qe3 Qxc4 21. Nxe5
Qxd5 22. Nxd7 Kxd7 23. Rd1 Qh1+ 24. Kd2 Qd5+ 25. Ke1 Qe6 26. Qxe6+ Kxe6 27. Bc4+
d5 28. Bd3 Re8 29. Kd2 Kf7 30. Rh1 d4 31. Rh2 dxc3+ 32. Kxc3 Ne7 33. Bc4+ Bd5
34. Bd3 Rh8 35. f4 Bxa2 36. Rxa2 Nd5+ 37. Kd4 Nb4 38. Rxa7 Nc6+ 39. Kd5 Nxa7 40.
f5 Rd8+ 41. Ke4 b5 42. Bc2 c5 43. g4 Rd4+ 44. Kf3 Nc6 45. Bf2 Ne5+ 46. Ke2 Rxg4
47. Bxc5 Rg2+ 48. Kd1 Nf3 49. Bb3+ Kg7 50. Bd5 Rd2+ 51. Kc1 Rxd5 0-1

[Event "Titled Tue 27th May Early"]
[Site "chess.com INT"]
[Date "2025.05.27"]
[Round "1"]
[White "Papaioannou, Dimitrios"]
[Black "Ferrara, Enzo"]
[Result "1-0"]
[WhiteTitle "CM"]
[WhiteElo "2200"]
[BlackElo "2138"]
[WhiteFideId "25865137"]
[BlackFideId "137731"]
[EventDate "2025.05.27"]

1. Nf3 f5 2. d4 Nf6 3. c4 g6 4. e3 Bg7 5. Be2 O-O 6. b4 d6 7. Bb2 c6 8. O-O Nbd7
9. a4 Qc7 10. Nc3 e5 11. c5 e4 12. Ng5 d5 13. Ne6 Qb8 14. Nxf8 Nxf8 15. b5 Bd7
16. Rb1 Ne6 17. f4 exf3 18. Bxf3 Bh6 19. Bc1 Qe8 20. Kh1 Ng5 21. Rb3 Qe7 22. a5
a6 23. bxa6 bxa6 24. Rb7 Qd8 25. Bd2 Bc8 26. Rb6 Qc7 27. Qe2 Nd7 28. Nxd5 Qd8
29. Nc3 Nxb6 30. axb6 Bb7 31. Rd1 Qd7 32. e4 Re8 33. e5 Nxf3 34. Bxh6 Nxd4 35.
Qc4+ Qe6 36. Qxd4 Qxe5 37. Qxe5 Rxe5 38. h3 Kf7 39. Bg5 Ke6 40. Rd6+ Kf7 41.
Rd7+ Kf8 42. Rxb7 Rxc5 43. Be7+ 1-0

[Event "Titled Tue 27th May Early"]
[Site "chess.com INT"]
[Date "2025.05.27"]
[Round "1"]
[White "Marichal Gonzalez, Ariel"]
[Black "Shogdzhiev, Roman"]
[Result "0-1"]
[WhiteTitle "IM"]
[BlackTitle "FM"]
[WhiteElo "2268"]
[BlackElo "2329"]
[WhiteFideId "3503232"]
[BlackFideId "55653537"]
[EventDate "2025.05.27"]

1. d4 Nf6 2. c4 c5 3. d5 b5 4. cxb5 d6 5. Nc3 a6 6. e4 g6 7. Nf3 Bg7 8. h3 O-O
9. a4 axb5 10. Bxb5 Ba6 11. Bg5 Bxb5 12. axb5 Nbd7 13. O-O Qb6 14. Qc2 h6 15.
Be3 Rfb8 16. b4 Ne8 17. bxc5 Nxc5 18. Rxa8 Rxa8 19. e5 Nc7 20. Rb1 Ra3 21. Ne4
Nxd5 22. Bxc5 dxc5 23. Qxc5 Qxc5 24. Nxc5 Ra5 25. Nd7 Nc3 26. Rb3 Nxb5 27. g4
Nc7 28. Rb7 Ne6 29. Rb8+ Kh7 30. Re8 Ra3 31. Kg2 Nf4+ 32. Kg3 Ne2+ 33. Kg2 Nf4+
34. Kg3 Nxh3 35. Kxh3 Rxf3+ 36. Kg2 Rf4 37. f3 e6 38. Kg3 g5 39. Re7 Kg6 40. Re8
Rd4 41. Rd8 Rd5 42. f4 Ra5 43. fxg5 hxg5 44. Rg8 Kh7 45. Re8 Bxe5+ 46. Kf3 Kg7
47. Ke4 Bd6 48. Rc8 Ra4+ 49. Kf3 Rf4+ 50. Ke2 Rxg4 51. Nb6 Rb4 52. Nc4 Bf4 53.
Rc6 f5 54. Nb6 Rb2+ 55. Kf3 e5 56. Nd7 g4# 0-1

[Event "Titled Tue 27th May Early"]
[Site "chess.com INT"]
[Date "2025.05.27"]
[Round "1"]
[White "Mariano, Fabian Glen"]
[Black "Terlouw, Wouter"]
[Result "1/2-1/2"]
[WhiteTitle "FM"]
[BlackTitle "CM"]
[WhiteElo "2402"]
[BlackElo "2227"]
[WhiteFideId "7129041"]
[BlackFideId "1087401"]
[EventDate "2025.05.27"]

1. e4 c5 2. Nf3 Nc6 3. Bb5 e6 4. Bxc6 bxc6 5. b3 Ne7 6. e5 Ng6 7. d3 f6 8. Qe2
fxe5 9. Nxe5 Nxe5 10. Qxe5 Qf6 11. Bb2 Qxe5+ 12. Bxe5 d6 13. Bc3 Be7 14. Nd2 Bf6
15. Ne4 Bxc3+ 16. Nxc3 Kd8 17. f4 Kc7 18. O-O d5 19. Rae1 Rf8 20. Na4 Kd6 21. c4
Bd7 22. g3 h6 23. Rc1 Rac8 24. Rce1 g5 25. fxg5 hxg5 26. Rc1 d4 27. Rxf8 Rxf8
28. Rf1 Rxf1+ 29. Kxf1 e5 30. Nb2 Bg4 31. Kf2 Ke6 32. Na4 Kd6 33. Nb2 Ke6 34.
Kg2 Bf5 35. Kf3 g4+ 36. Ke2 e4 37. dxe4 Bxe4 38. Kd2 Kd6 39. Nd1 Bf5 40. Nf2 a5
41. Nd1 Ke5 42. Nb2 Bb1 43. Na4 Kd6 44. Kc1 Be4 45. Kd2 Bb1 46. a3 Be4 47. Nb2
Bf5 48. Nd1 Ke5 49. Nf2 Kd6 50. Nd1 Kc7 51. Nb2 Kd6 52. Na4 Be4 53. Nb6 Bf5 54.
Na4 Be4 1/2-1/2

[Event "Titled Tue 27th May Early"]
[Site "chess.com INT"]
[Date "2025.05.27"]
[Round "1"]
[White "Solonkov, Dmitrij"]
[Black "Nguyen, Quoc Hy"]
[Result "0-1"]
[WhiteTitle "FM"]
[BlackTitle "FM"]
[WhiteElo "2434"]
[BlackElo "2389"]
[WhiteFideId "4150139"]
[BlackFideId "12410853"]
[EventDate "2025.05.27"]

1. e4 c5 2. Nf3 d6 3. d4 cxd4 4. Nxd4 Nf6 5. Nc3 a6 6. Bg5 Nbd7 7. f3 b5 8. a4
b4 9. Na2 Qb6 10. Qd2 Rb8 11. Be3 Nc5 12. Nb3 e6 13. Nxc5 dxc5 14. Bc4 Be7 15.
Nc1 O-O 16. Nd3 Bb7 17. O-O Rbc8 18. Rfd1 Rfd8 19. Qf2 Nd7 20. Rd2 Bf6 21. Rad1
Bd4 22. b3 Bc3 23. Re2 h6 24. h3 Ne5 25. Rb1 Nxc4 26. bxc4 Bd4 27. Bxd4 Rxd4 28.
Nb2 Rcd8 29. Qe3 Qd6 30. Ree1 Rd2 31. Re2 Qd4 32. Kf2 Bc6 33. h4 a5 34. g3 Rxe2+
35. Kxe2 Qe5 36. Kf2 Rd4 37. Qe2 Qd6 38. Rd1 Bxa4 39. Ke3 Rxd1 40. Nxd1 Qd4+ 41.
Kf4 e5+ 42. Kg4 Bd7+ 43. Kh5 Qd6 0-1

[Event "Titled Tue 27th May Early"]
[Site "chess.com INT"]
[Date "2025.05.27"]
[Round "1"]
[White "Horobetz, Graham"]
[Black "Salimova, Asal"]
[Result "1-0"]
[BlackTitle "WCM"]
[WhiteElo "2250"]
[BlackElo "2003"]
[WhiteFideId "2047322"]
[BlackFideId "14204940"]
[EventDate "2025.05.27"]

1. e4 c5 2. Nf3 e6 3. d4 cxd4 4. Nxd4 a6 5. Bd3 Qc7 6. O-O Nc6 7. Nxc6 dxc6 8.
Qe2 Nf6 9. e5 Nd5 10. a3 Bc5 11. c4 Ne7 12. b4 Bd4 13. Bb2 Bxb2 14. Qxb2 c5 15.
Nd2 Bd7 16. Ne4 cxb4 17. Nd6+ Kf8 18. axb4 g6 19. Be4 Bc6 20. Bxc6 Qxc6 21. b5
Qb6 22. Qd2 h6 23. bxa6 bxa6 24. Rab1 Qc5 25. Rb7 Qxe5 26. Re1 Qf6 27. Ne4 Qe5
28. Qd7 Re8 29. f4 Qxf4 30. Nd6 Qd4+ 31. Kh1 Qf2 32. Rg1 1-0

[Event "Titled Tue 27th May Early"]
[Site "chess.com INT"]
[Date "2025.05.27"]
[Round "1"]
[White "Bluebaum, Matthias"]
[Black "Atis, Hasan"]
[Result "1-0"]
[WhiteTitle "GM"]
[BlackTitle "CM"]
[WhiteElo "2660"]
[BlackElo "2089"]
[WhiteFideId "24651516"]
[BlackFideId "44598017"]
[EventDate "2025.05.27"]

1. d4 d5 2. c4 c6 3. Nf3 Nf6 4. Nc3 e6 5. Qc2 Nbd7 6. cxd5 exd5 7. Bg5 Be7 8. e3
O-O 9. Bd3 Re8 10. h3 g6 11. O-O b5 12. a4 b4 13. Ne2 Bb7 14. Rac1 a5 15. Qb1
Rc8 16. Nf4 Kg7 17. b3 c5 18. dxc5 Nxc5 19. Bb5 Rf8 20. Nd4 Nfe4 21. Bxe7 Qxe7
22. Qb2 Nc3 23. Nfe2 N5e4 24. Rfe1 Qf6 25. f3 Nxe2+ 26. Bxe2 Rxc1 27. Rxc1 Nc3
28. Qd2 Rc8 29. Bd3 Qb6 30. Re1 Ba6 31. Bxa6 Qxa6 32. h4 h5 33. Qf2 Qf6 34. Qg3
Re8 35. Kh2 Qe5 36. Qxe5+ Rxe5 37. Kg3 Re8 38. Kf2 Rc8 39. Rg1 Kf6 40. Ke1 Rc5
41. Kd2 Rc8 42. Kd3 Rc5 43. Rc1 Rc7 44. Rc2 Ke5 45. Ne2 Kd6 46. Nxc3 bxc3 47.
Rxc3 Rb7 48. Kc2 f6 49. Rc8 Ke5 50. Ra8 Rc7+ 51. Kb2 Rc5 52. Rb8 d4 53. Re8+ Kf5
54. exd4 Rc7 55. Ra8 Kf4 56. Rxa5 Kg3 57. Ra6 Rf7 58. a5 Kxg2 59. Rb6 Kxf3 60.
a6 Ke4 61. Rb7 Rf8 62. a7 Ra8 63. b4 Kxd4 64. b5 Kc5 65. b6 Kc6 66. Rb8 1-0

[Event "Titled Tue 27th May Early"]
[Site "chess.com INT"]
[Date "2025.05.27"]
[Round "1"]
[White "Bonaveri, Agustin"]
[Black "Grot, Blazej"]
[Result "0-1"]
[WhiteTitle "FM"]
[BlackTitle "CM"]
[WhiteElo "2367"]
[BlackElo "2217"]
[WhiteFideId "104027"]
[BlackFideId "21835845"]
[EventDate "2025.05.27"]

1. c4 Nf6 2. g3 g6 3. Bg2 d6 4. Nc3 Bg7 5. d3 O-O 6. Bg5 Nbd7 7. Qd2 c6 8. Bh6
Rb8 9. h4 b5 10. h5 bxc4 11. dxc4 Bxh6 12. Qxh6 Rxb2 13. hxg6 fxg6 14. Ne4 Qa5+
15. Kf1 Rxa2 16. Re1 Ra1 17. Nf3 Rxe1+ 18. Nxe1 Ba6 19. Bh3 Qe5 20. Ng5 Nc5 21.
Nxh7 Rf7 22. Ng5 Bxc4 23. Bg4 Nxg4 24. Qxg6+ Qg7 25. Qh5 Rxf2+ 26. Kg1 Bxe2 27.
Qe8+ Rf8 28. Qxc6 Rf1+ 29. Kg2 Ne3+ 30. Kh2 Rxh1+ 31. Qxh1 Qxg5 32. Qa8+ Kg7 33.
Qg2 Nxg2 34. Nxg2 Qh5+ 0-1

[Event "Titled Tue 27th May Early"]
[Site "chess.com INT"]
[Date "2025.05.27"]
[Round "1"]
[White "Gustafsson, Jan"]
[Black "Sovetbekova, Nurai"]
[Result "1-0"]
[WhiteTitle "GM"]
[BlackTitle "WFM"]
[WhiteElo "2591"]
[BlackElo "2007"]
[WhiteFideId "4625498"]
[BlackFideId "13801910"]
[EventDate "2025.05.27"]

1. c4 Nf6 2. Nc3 d5 3. cxd5 Nxd5 4. g3 g6 5. Bg2 Nxc3 6. bxc3 Bg7 7. Rb1 c6 8.
h4 Qa5 9. Qc2 Na6 10. h5 Bf5 11. e4 Bg4 12. h6 Bf6 13. Rxb7 O-O 14. Ne2 Nc5 15.
Rb4 Qa6 16. Nf4 e5 17. Bf1 Qc8 18. Nd3 a5 19. Rc4 Bf3 20. Bh3 Qd8 21. Nxc5 Bxh1
22. Nd7 Re8 23. Rxc6 Bg5 24. d3 Be7 25. Be3 Rc8 26. Bb6 Rxc6 27. Bxd8 Rxd8 28.
Nxe5 Rb6 29. Ke2 Rdb8 30. Qa4 Rb2+ 31. Ke3 Bg5+ 32. f4 Bf6 33. Qxa5 Bxe5 34.
Qxe5 Rb1 35. Qg7# 1-0

[Event "Titled Tue 27th May Early"]
[Site "chess.com INT"]
[Date "2025.05.27"]
[Round "1"]
[White "Tarasov, Igor"]
[Black "Parfenov, Viktor N."]
[Result "1/2-1/2"]
[WhiteTitle "FM"]
[BlackTitle "CM"]
[WhiteElo "2256"]
[BlackElo "2193"]
[WhiteFideId "4120256"]
[BlackFideId "4165969"]
[EventDate "2025.05.27"]

1. d4 d5 2. c4 e6 3. Nf3 c5 4. cxd5 exd5 5. Nc3 Nc6 6. g3 Nf6 7. Bg2 Be7 8. O-O
O-O 9. b3 Ne4 10. Bb2 Bf6 11. Nxe4 dxe4 12. Nd2 Bxd4 13. Bxd4 cxd4 14. Nxe4 Bg4
15. h3 Bh5 16. Rc1 Rc8 17. Qd2 Re8 18. Rfe1 h6 19. Nc5 Qb6 20. Nd3 Re7 21. Rc5
Bg6 22. Rec1 Rce8 23. Bf3 Be4 24. Qf4 Bxf3 25. exf3 Nb4 26. Nxb4 Qxb4 27. Rc8
Qb6 28. Kg2 Rxc8 29. Rxc8+ Kh7 30. Qf5+ Qg6 31. Qc5 Qf6 32. Rd8 b6 33. Qxd4 Qxd4
34. Rxd4 Re2 35. a4 Rb2 36. Rd3 Kg6 37. Rd7 Rxb3 38. Rxa7 Ra3 39. Rb7 Rxa4 40.
Rxb6+ f6 41. h4 h5 42. Rc6 Rb4 43. f4 Rb5 44. Rc3 Ra5 45. Re3 Rb5 46. Kf3 Ra5
47. Rd3 Rb5 48. Re3 Ra5 49. Rd3 Rb5 50. Re3 1/2-1/2

[Event "Titled Tue 27th May Early"]
[Site "chess.com INT"]
[Date "2025.05.27"]
[Round "1"]
[White "Kiran, Manisha Mohanty"]
[Black "Herrera Ortiz, Miguel"]
[Result "1/2-1/2"]
[WhiteTitle "WGM"]
[BlackTitle "IM"]
[WhiteElo "2031"]
[BlackElo "2174"]
[WhiteFideId "5019575"]
[BlackFideId "5100550"]
[EventDate "2025.05.27"]

1. e4 e5 2. Nf3 Nc6 3. Bb5 a6 4. Bxc6 dxc6 5. O-O f6 6. d4 Bg4 7. dxe5 Qxd1 8.
Rxd1 fxe5 9. Rd3 Bd6 10. h3 Bh5 11. g4 Bg6 12. Nc3 Nf6 13. Re3 O-O 14. Nh4 Bf7
15. Re1 Bb4 16. Nf5 Rad8 17. Bg5 Rd7 18. Bxf6 gxf6 19. Nh6+ Kg7 20. Nxf7 Kxf7
21. Rad1 Rfd8 22. Rxd7+ Rxd7 23. Rd1 Rd6 24. Rxd6 cxd6 25. Nd1 d5 26. f3 Ke6 27.
Kf2 Bd2 28. Ke2 Bf4 29. Nf2 d4 30. Nd3 Kd6 31. b4 b6 32. a4 Be3 33. Nb2 Bh6 34.
Nc4+ Kc7 35. Kd3 Bf8 36. c3 dxc3 37. Kxc3 c5 38. b5 axb5 39. axb5 Be7 40. Ne3
Bd8 41. Kc4 Kd6 42. Nf5+ Ke6 43. Ng7+ Kd6 44. Nf5+ Ke6 45. Ne3 Kd6 46. Nd5 Ke6
47. Nc3 Kd6 48. Na4 Ke6 49. Nxc5+ bxc5 50. Kxc5 Kd7 51. Kd5 Bb6 52. g5 Ke7 53.
gxf6+ Kxf6 54. Kc6 Be3 55. Kd6 Bd4 56. Kd5 Kg5 57. b6 Kf4 58. b7 Ba7 59. Ke6 Bb8
60. Kf6 Kxf3 61. Kf5 Ke3 62. h4 Kd4 63. h5 Bc7 64. h6 Bb8 65. Kf6 Kxe4 66. Kg7
Kf4 67. Kxh7 e4 68. Kg6 e3 69. h7 Be5 70. h8=Q Bxh8 71. b8=Q+ Be5 72. Qb4+ Kf3
73. Qe1 Bg3 74. Qf1+ Bf2 75. Qd3 Bg3 76. Qxe3+ Kxe3 1/2-1/2

[Event "Titled Tue 27th May Early"]
[Site "chess.com INT"]
[Date "2025.05.27"]
[Round "1"]
[White "Leschinsky, Gary"]
[Black "Arakelyan, Manvel"]
[Result "0-1"]
[BlackTitle "FM"]
[WhiteElo "1992"]
[BlackElo "2326"]
[WhiteFideId "30951321"]
[BlackFideId "13317415"]
[EventDate "2025.05.27"]

1. d4 d5 2. c4 e6 3. Nc3 Nf6 4. cxd5 exd5 5. Bg5 Be7 6. e3 h6 7. Bh4 Bg4 8. Qc2
O-O 9. Bd3 c5 10. Nge2 Nc6 11. dxc5 Bxc5 12. O-O Be7 13. Qd2 Rc8 14. Bxf6 Bxf6
15. Nxd5 Ne5 16. Nec3 Bf3 17. Be2 Rxc3 18. gxf3 Rc5 19. Rad1 Bh4 20. f4 Ng6 21.
Qd4 Qc8 22. Qe4 Re8 23. Qf3 Rc2 24. Bd3 Rxb2 25. Bxg6 fxg6 26. Rc1 Qf5 27. Rc7
g5 28. Rd1 g4 29. Qg2 Bxf2+ 30. Qxf2 Rxf2 31. Kxf2 Qh5 32. Ne7+ Rxe7 33. Rxe7
g3+ 34. Ke1 Qxd1+ 35. Kxd1 g2 0-1

[Event "Titled Tue 27th May Early"]
[Site "chess.com INT"]
[Date "2025.05.27"]
[Round "1"]
[White "Rubes, Jan"]
[Black "Perez Rojas, Jorge"]
[Result "1-0"]
[WhiteTitle "IM"]
[BlackTitle "FM"]
[WhiteElo "2426"]
[BlackElo "2100"]
[WhiteFideId "338176"]
[BlackFideId "3452093"]
[EventDate "2025.05.27"]

1. d4 d5 2. c4 e6 3. Nc3 c6 4. e3 f5 5. Nf3 Nf6 6. Be2 Bd6 7. b3 O-O 8. Bb2 Ne4
9. Qc2 Nd7 10. a3 Qf6 11. b4 Nxc3 12. Qxc3 f4 13. O-O Qg6 14. Bd3 Qh5 15. e4 g5
16. h3 dxe4 17. Bxe4 Nf6 18. Rfe1 g4 19. hxg4 Nxg4 20. c5 Bc7 21. d5 e5 22. d6
Bd8 23. Nxe5 Bf6 24. Qb3+ Kg7 25. Nxg4 Bxg4 26. Bf3 Bxf3 27. Bxf6+ Rxf6 28. Qxf3
Qg6 29. Re7+ Rf7 30. Rae1 Rf8 31. Qxf4 Kg8 32. Rxf7 Rxf7 33. Re8+ Kg7 34. Qe5+
Qf6 35. Qxf6+ Kxf6 36. f4 Kf5 37. g3 h5 38. Kg2 h4 39. Re7 Rf8 40. Rxb7 hxg3 41.
Kxg3 Ke4 42. Re7+ Kd5 43. Rxa7 1-0

[Event "Titled Tue 27th May Early"]
[Site "chess.com INT"]
[Date "2025.05.27"]
[Round "1"]
[White "Zobel, Christian"]
[Black "Yang, Kaiqi"]
[Result "1-0"]
[WhiteTitle "CM"]
[BlackTitle "GM"]
[WhiteElo "2157"]
[BlackElo "2481"]
[WhiteFideId "16259068"]
[BlackFideId "8604398"]
[EventDate "2025.05.27"]

1. d4 Nf6 2. c4 g6 3. Nc3 d5 4. cxd5 Nxd5 5. Bd2 Nb6 6. e3 Bg7 7. Nf3 O-O 8. Be2
N8d7 9. O-O c5 10. d5 Nf6 11. e4 e6 12. Bg5 exd5 13. e5 d4 14. Ne4 Nxe4 15. Bxd8
Rxd8 16. Bd3 f5 17. Qb3+ Kh8 18. Rfe1 h6 19. Rac1 Re8 20. Bxe4 fxe4 21. Rxe4 Be6
22. Qb5 Bf5 23. Ree1 Bf8 24. Nh4 Bd7 25. Nxg6+ Kg7 26. Qd3 c4 27. Qg3 Kh7 28.
Nxf8+ Rxf8 29. e6 Bc6 30. Qc7+ Kh8 31. e7 Rg8 32. Qe5+ Kh7 33. Qf5+ Kh8 34. g3
d3 35. Re6 Rg7 36. Rxh6+ Kg8 37. Qe6+ Rf7 38. Rg6+ Kh8 39. Qxf7 d2 40. Qg7# 1-0

[Event "Titled Tue 27th May Early"]
[Site "chess.com INT"]
[Date "2025.05.27"]
[Round "1"]
[White "Berezin, Viktor RUS"]
[Black "Sahbudak, Baris Cinar"]
[Result "1-0"]
[WhiteTitle "FM"]
[BlackTitle "CM"]
[WhiteElo "1921"]
[BlackElo "2072"]
[WhiteFideId "4128869"]
[BlackFideId "26351633"]
[EventDate "2025.05.27"]

1. Nf3 c5 2. g3 g6 3. Bg2 Bg7 4. O-O Nc6 5. c3 d5 6. d4 cxd4 7. cxd4 Nf6 8. Nc3
O-O 9. Ne5 Bd7 10. Nxd5 Nxd5 11. Bxd5 Bh3 12. Nxc6 bxc6 13. Bxc6 Bxf1 14. Bxa8
Bxe2 15. Qxe2 Qxa8 16. Be3 Rc8 17. Rc1 Rxc1+ 18. Bxc1 Qc6 19. Be3 Qd5 20. b3 e6
21. Qc4 Qe4 22. Qc8+ Bf8 23. Bh6 Qe1+ 24. Kg2 Qe4+ 25. Kg1 Qe1+ 26. Kg2 Qe4+ 27.
Kf1 Qh1+ 28. Ke2 Qe4+ 29. Kd1 Qxd4+ 30. Kc1 Qc5+ 31. Qxc5 Bxc5 32. Be3 Bxe3+ 33.
fxe3 Kf8 34. Kd2 Ke7 35. Kd3 Kd6 36. a4 a5 37. Kc4 Kc6 38. b4 axb4 39. Kxb4 h5
40. a5 Kb7 41. Kc5 Ka6 42. Kd6 Kxa5 43. Ke7 e5 44. Kxf7 Kb4 45. Kxg6 Kc4 46. Kf5
Kd3 47. e4 Ke3 48. Kxe5 Kf3 49. Kf5 Kg2 1-0

[Event "Titled Tue 27th May Early"]
[Site "chess.com INT"]
[Date "2025.05.27"]
[Round "1"]
[White "Deveci, Huseyin Said"]
[Black "Kilic, Eray"]
[Result "0-1"]
[WhiteTitle "CM"]
[BlackTitle "IM"]
[WhiteElo "2212"]
[BlackElo "2469"]
[WhiteFideId "26322455"]
[BlackFideId "44517173"]
[EventDate "2025.05.27"]

1. e4 c5 2. Nf3 Nc6 3. Bb5 Nf6 4. Nc3 Qc7 5. O-O Nd4 6. Re1 a6 7. Bf1 e5 8. Nd5
Nxd5 9. exd5 d6 10. c3 Nxf3+ 11. Qxf3 Be7 12. d4 O-O 13. dxe5 dxe5 14. Qg3 Bd6
15. c4 f5 16. Bd2 f4 17. Qf3 g5 18. h3 Qg7 19. Be2 Bf5 20. Bc3 Qg6 21. Qh5 e4
22. Qxg6+ hxg6 23. Bg4 Rae8 24. Re2 Bxg4 25. hxg4 f3 26. gxf3 Rxf3 27. Rae1 Rf4
28. f3 Rxf3 29. Rxe4 Rg3+ 30. Kf2 Rxe4 31. Rxe4 Bf4 32. Re7 b5 33. Be5 Re3 34.
d6 Rxe5 35. d7 Rxe7 36. d8=Q+ Kf7 37. Qd5+ Kg7 38. cxb5 Be3+ 39. Kf3 axb5 40.
Qxc5 Bxc5 0-1

[Event "Titled Tue 27th May Early"]
[Site "chess.com INT"]
[Date "2025.05.27"]
[Round "1"]
[White "Purtseladze, Maka"]
[Black "Miranda Camus, Joaquin Ignacio"]
[Result "0-1"]
[WhiteTitle "IM"]
[BlackTitle "FM"]
[WhiteElo "2261"]
[BlackElo "2196"]
[WhiteFideId "13602659"]
[BlackFideId "3449300"]
[EventDate "2025.05.27"]

1. d4 Nf6 2. c4 e6 3. Nf3 b6 4. a3 Bb7 5. Bf4 g6 6. Nc3 Bg7 7. Qc2 O-O 8. e4 d6
9. h3 Nbd7 10. Be2 a6 11. O-O Qe7 12. Rfe1 e5 13. dxe5 Nxe5 14. Nxe5 dxe5 15.
Bg5 h6 16. Be3 Rfd8 17. Rad1 Rxd1 18. Rxd1 Rd8 19. Nd5 Nxd5 20. cxd5 Qd6 21. Rc1
Rc8 22. b4 c6 23. Bxb6 cxd5 24. Bc5 Qc6 25. exd5 Qxd5 26. Bf3 e4 27. Be2 Qg5 28.
Bf1 Be5 29. Rd1 e3 30. Qe2 Qf4 31. g3 exf2+ 32. Qxf2 Qxg3+ 33. Qxg3 Bxg3 34. Rd7
Rc7 35. Rd8+ Kg7 36. Bd4+ f6 37. Bc5 h5 38. Bg2 Bxg2 39. Kxg2 h4 40. Ra8 Rc6 41.
Kf3 g5 42. Ke4 Re6+ 43. Kd5 Re5+ 44. Kc4 g4 45. Rd8 gxh3 46. Rd1 h2 0-1

[Event "Titled Tue 27th May Early"]
[Site "chess.com INT"]
[Date "2025.05.27"]
[Round "1"]
[White "Mika, Tomasz"]
[Black "Wankhade Sanskruti"]
[Result "1-0"]
[WhiteTitle "CM"]
[BlackTitle "WCM"]
[WhiteElo "2227"]
[BlackElo "1869"]
[WhiteFideId "1132970"]
[BlackFideId "25063561"]
[EventDate "2025.05.27"]

1. e4 c5 2. Nf3 Nc6 3. d4 cxd4 4. Nxd4 e6 5. Nc3 Qc7 6. Be3 a6 7. Qf3 Nf6 8. Qg3
Qxg3 9. hxg3 Bb4 10. f3 O-O 11. Nxc6 dxc6 12. g4 e5 13. g5 Nd7 14. Kf2 Bc5 15.
Bc4 Bxe3+ 16. Kxe3 Nb6 17. Bb3 Be6 18. Rh2 Nc4+ 19. Bxc4 Bxc4 20. Rah1 f6 21.
gxf6 Rxf6 22. Rxh7 Kf7 23. Rh8 Rxh8 24. Rxh8 Rg6 25. g4 Rd6 26. b3 Be6 27. a4
Rd7 28. a5 Rc7 29. Rh2 c5 30. Rd2 c4 31. b4 Rc8 32. Nd5 c3 33. Rd3 Rc4 34. Nxc3
Rxb4 35. Nd5 Rc4 36. Rb3 Kg8 37. Rxb7 Rxc2 38. Rb6 Bf7 39. Rxa6 Ra2 40. Ra7 Be8
41. g5 Kh7 42. Nf6+ Kg6 43. Nxe8 Kxg5 44. Nxg7 Ra3+ 45. Ke2 Ra2+ 46. Kd3 Ra3+
47. Kc4 Rxf3 48. Ne6+ Kg4 49. Rg7+ Kh3 50. Ng5+ 1-0

[Event "Titled Tue 27th May Early"]
[Site "chess.com INT"]
[Date "2025.05.27"]
[Round "1"]
[White "Moldagali, Beksultan"]
[Black "Chen, Yidong"]
[Result "1-0"]
[WhiteTitle "FM"]
[WhiteElo "2397"]
[BlackElo "2038"]
[WhiteFideId "13734768"]
[BlackFideId "8607028"]
[EventDate "2025.05.27"]

1. e4 c5 2. Nc3 d6 3. g3 g6 4. Bg2 Bg7 5. d3 Nc6 6. Be3 e6 7. Qd2 Nge7 8. Bh6
O-O 9. h4 Nd4 10. h5 Bh8 11. Bxf8 Qxf8 12. Nge2 Nec6 13. Nxd4 Nxd4 14. O-O-O Qg7
15. hxg6 hxg6 16. Qh6 Bd7 17. Qxg7+ Bxg7 18. Kd2 Rb8 19. Rb1 b5 20. Ne2 Nc6 21.
c3 a5 22. f4 b4 23. a3 Kf8 24. axb4 axb4 25. Kc2 Na5 26. Ra1 Nc6 27. Ra6 Ke7 28.
e5 d5 29. Rha1 Rc8 30. Ra8 f6 31. Rxc8 Bxc8 32. d4 fxe5 33. fxe5 c4 34. Nf4 g5
35. Nh5 Bh6 36. Ra8 Kd8 37. Bh3 Kc7 38. Nf6 bxc3 39. bxc3 Kb7 40. Rxc8 Kxc8 41.
Bxe6+ Kd8 42. Bxd5 Na5 43. Ne4 g4 44. Nd6 Be3 45. Nxc4 Nxc4 46. Bxc4 Bf2 47. Be2
Bxg3 48. Bxg4 Ke7 49. Kd3 Be1 50. c4 Bb4 51. c5 Ba5 52. Kc4 1-0